[Event "Dvorkovich Memorial rapid op"]
[Site "Taganrog"]
[Date "2018.01.13"]
[Round "1"]
[White "Bogdanov, Rodion"]
[Black "Paravyan, David"]
[Result "0-1"]
[WhiteElo "1879"]
[BlackElo "2603"]
[PlyCount "92"]
[EventDate "2018.01.13"]
[EventType "swiss (rapid)"]
[EventRounds "11"]
[EventCountry "RUS"]
[SourceTitle "CBM 182 Extra"]
[Source "ChessBase"]
[SourceDate "2018.02.23"]
[SourceVersion "1"]
[SourceVersionDate "2018.02.23"]
[SourceQuality "1"]

1. b3 Nf6 2. Bb2 d5 3. e3 c6 4. f4 Bf5 5. Bd3 e6 6. Nf3 Bd6 7. 0-0 0-0 8. Ne5 Nbd7 9. Nxd7 Nxd7 10. Bxf5 exf5 11. Qh5 g6 12. Qh6 f6 13. Nc3 Qe7 14. Ne2 Bb4 15. Rad1 Bxd2 16. Ng3 Bxe3+ 17. Kh1 Qg7 18. Qh3 Rae8 19. Rde1 Bb6 20. Ba3 Bc5 21. b4 Bd6 22. c3 Nb6 23. Bc1 Nc4 24. a4 h5 25. Nxf5 gxf5 26. Qxh5 Qh7 27. Qd1 Qh4 28. Re2 Kf7 29. Rfe1 Re4 30. Rxe4 fxe4 31. g3 Qh3 32. Re2 Qg4 33. Qf1 Qf3+ 34. Qxf3 exf3 35. Rf2 Re8 36. Rf1 Bc7 37. h4 f5 38. Kh2 Re2+ 39. Kh3 Kg6 40. g4 fxg4+ 41. Kxg4 f2 42. f5+ Kf7 43. Kf3 Re1 44. Kg2 Be5 45. Bg5 Rxf1 46. Kxf1 Nd6 0-1

[Event "Dvorkovich Memorial rapid op"]
[Site "Taganrog"]
[Date "2018.01.13"]
[Round "6"]
[White "Kornyukov, Alexey"]
[Black "Bogdanov, Rodion"]
[Result "1-0"]
[WhiteElo "2452"]
[BlackElo "1879"]
[PlyCount "61"]
[EventDate "2018.01.13"]
[EventType "swiss (rapid)"]
[EventRounds "11"]
[EventCountry "RUS"]
[SourceTitle "CBM 182 Extra"]
[Source "ChessBase"]
[SourceDate "2018.02.23"]
[SourceVersion "1"]
[SourceVersionDate "2018.02.23"]
[SourceQuality "1"]

1. d4 d6 2. e4 Nd7 3. c4 e5 4. Nf3 Ngf6 5. Nc3 c6 6. g3 Be7 7. Bg2 0-0 8. 0-0 Qc7 9. h3 Re8 10. Re1 Nf8 11. Be3 Ne6 12. Qd2 exd4 13. Nxd4 Nxd4 14. Bxd4 Be6 15. b3 Nd7 16. f4 Bf6 17. f5 Ne5 18. fxe6 fxe6 19. Rad1 Qf7 20. Rf1 Qg6 21. Ne2 c5 22. Be3 Rad8 23. g4 h6 24. Nf4 Qh7 25. Nh5 Bh4 26. Bf4 Nc6 27. Bxd6 Nd4 28. e5 Rd7 29. Kh1 Bg5 30. Qf2 Qg6 31. Bxc5 1-0

[Event "Dvorkovich Memorial op"]
[Site "Taganrog"]
[Date "2017.01.16"]
[Round "4"]
[White "Bogdanov, Rodion"]
[Black "Stepanyan, Eva"]
[Result "1/2-1/2"]
[WhiteElo "2035"]
[BlackElo "1809"]
[PlyCount "104"]
[EventDate "2017.01.13"]
[EventType "swiss"]
[EventRounds "9"]
[EventCountry "RUS"]
[SourceTitle "CBM 176 Extra"]
[Source "ChessBase"]
[SourceDate "2017.03.02"]
[SourceVersion "1"]
[SourceVersionDate "2017.03.02"]
[SourceQuality "1"]

1. b3 e5 2. Bb2 Nc6 3. e3 g6 4. d4 Bg7 5. d5 Nce7 6. d6 cxd6 7. Qxd6 Nf5 8. Qd2 Nge7 9. c4 Qc7 10. Nc3 a6 11. Ne4 0-0 12. g4 Nh6 13. g5 Nhf5 14. Nf6+ Kh8 15. h4 Bxf6 16. gxf6 Ng8 17. e4 Nd4 18. h5 Nxf6 19. Bxd4 exd4 20. Qxd4 Qc6 21. 0-0-0 Kg8 22. hxg6 fxg6 23. f3 a5 24. c5 b5 25. Rd2 Nxe4 26. Rdh2 Nf6 27. Bd3 Bb7 28. Rg2 Rac8 29. Rg5 d5 30. Ne2 Qxc5+ 31. Kb2 Qxd4+ 32. Nxd4 b4 33. Nf5 Rc3 34. Bb1 Re8 35. Nd6 Re2+ 36. Ka1 Bc6 37. Bxg6 Kf8 38. Bb1 Rxf3 39. Rc1 Bd7 40. Nb7 a4 41. bxa4 Bxa4 42. Rc8+ Be8 43. Nd6 Rf1 44. Rf5 Rxf5 45. Bxf5 h5 46. Rb8 Ke7 47. Nc8+ Kf8 48. Rxb4 Bd7 49. Bxd7 Nxd7 50. Rh4 Nf6 51. Nd6 Kg7 52. a4 Re6 1/2-1/2

[Event "Dvorkovich Memorial op"]
[Site "Taganrog"]
[Date "2017.01.15"]
[Round "3"]
[White "Rjabzev, Konstantin"]
[Black "Bogdanov, Rodion"]
[Result "1-0"]
[WhiteElo "2301"]
[BlackElo "2035"]
[PlyCount "93"]
[EventDate "2017.01.13"]
[EventType "swiss"]
[EventRounds "9"]
[EventCountry "RUS"]
[SourceTitle "CBM 176 Extra"]
[Source "ChessBase"]
[SourceDate "2017.03.02"]
[SourceVersion "1"]
[SourceVersionDate "2017.03.02"]
[SourceQuality "1"]

1. e4 e5 2. Nf3 d6 3. d4 Nd7 4. Bc4 exd4 5. Qxd4 Qf6 6. Qe3 Ne5 7. Nxe5 dxe5 8. 0-0 Ne7 9. Nc3 c6 10. f4 Be6 11. Be2 exf4 12. Rxf4 Qe5 13. Rf1 Ng6 14. Qg5 Bc5+ 15. Kh1 0-0 16. Qxe5 Nxe5 17. Bf4 Ng6 18. Bg3 Rad8 19. Rad1 Bd4 20. Rf3 Be5 21. Rfd3 Rxd3 22. cxd3 Bd4 23. Rc1 f6 24. b3 Ne5 25. Nd1 Rd8 26. Bf2 b6 27. Bxd4 Rxd4 28. Rc3 Kf7 29. Kg1 Ke7 30. Kf2 c5 31. h3 Kd7 32. Ne3 Kc6 33. Nc2 Kd7 34. Nxd4 cxd4 35. Rc1 g6 36. Ke1 Kd6 37. Kd2 Bd7 38. b4 a6 39. Bd1 Bb5 40. Rc8 Bxd3 41. Rd8+ Kc7 42. Rxd4 Bb5 43. Kc3 Bd7 44. Be2 b5 45. Rd1 h5 46. Rf1 Be6 47. Rxf6 1-0

[Event "Dvorkovich Memorial op"]
[Site "Taganrog"]
[Date "2017.01.14"]
[Round "2"]
[White "Bogdanov, Rodion"]
[Black "Demkovich, Dmitry"]
[Result "1-0"]
[WhiteElo "2035"]
[BlackElo "1635"]
[PlyCount "67"]
[EventDate "2017.01.13"]
[EventType "swiss"]
[EventRounds "9"]
[EventCountry "RUS"]
[SourceTitle "CBM 176 Extra"]
[Source "ChessBase"]
[SourceDate "2017.03.02"]
[SourceVersion "1"]
[SourceVersionDate "2017.03.02"]
[SourceQuality "1"]

1. b3 Nf6 2. Bb2 d5 3. e3 g6 4. Bxf6 exf6 5. Nc3 Bg7 6. Nce2 f5 7. Rb1 0-0 8. Nf4 c5 9. h4 Qd6 10. Ngh3 Re8 11. Qf3 Be6 12. h5 Nc6 13. hxg6 hxg6 14. Ng5 Ne5 15. Qh3 Bd7 16. Be2 d4 17. Qh7+ Kf8 18. 0-0 Bf6 19. Nfh3 Bxg5 20. Nxg5 Qf6 21. f4 Ke7 22. Qh4 Nc6 23. Bc4 Be6 24. Bxe6 fxe6 25. Qh7+ Kd6 26. Qxb7 Qe7 27. Qa6 Rab8 28. exd4 cxd4 29. Rbe1 Qb7 30. Qc4 Qd7 31. c3 Re7 32. Re2 e5 33. fxe5+ Rxe5 34. Nf7+ 1-0

[Event "Shakhty KVU op"]
[Site "Shakhty"]
[Date "2015.02.19"]
[Round "7"]
[White "Bogdanov, Rodion"]
[Black "Prokhoda, Nikola"]
[Result "0-1"]
[WhiteElo "2110"]
[BlackElo "2057"]
[PlyCount "138"]
[EventDate "2015.02.14"]
[EventType "swiss"]
[EventRounds "9"]
[EventCountry "RUS"]
[SourceTitle "CBM 165 Extra"]
[Source "ChessBase"]
[SourceDate "2015.04.21"]
[SourceVersion "1"]
[SourceVersionDate "2015.04.21"]
[SourceQuality "1"]

1. f4 e5 2. fxe5 d6 3. Nf3 dxe5 4. e4 Be6 5. Bb5+ c6 6. Ba4 Bc5 7. Qe2 Nd7 8. Bb3 Qe7 9. Nc3 a5 10. Bxe6 Qxe6 11. a4 Ngf6 12. Nd1 0-0 13. d3 Nh5 14. Nd4 Bxd4 15. Qxh5 g6 16. Qh3 Qxh3 17. gxh3 f5 18. Bh6 Rf7 19. exf5 Rxf5 20. c3 Bc5 21. Ne3 Bxe3 22. Bxe3 Rf3 23. Ke2 Rxh3 24. Rag1 Rf8 25. Rg3 Rxg3 26. hxg3 Rf7 27. Rh4 Kf8 28. b4 axb4 29. Rxb4 Nf6 30. a5 Ke8 31. Bc5 Nd5 32. Rb3 Rd7 33. c4 Ne7 34. a6 bxa6 35. Ra3 Nf5 36. g4 Nd4+ 37. Kd2 e4 38. Bxd4 Rxd4 39. Rxa6 Rxd3+ 40. Ke2 Rd6 41. g5 Re6 42. Ke3 Re5 43. Ra7 Rxg5 44. Rxh7 Re5 45. Rg7 Re6 46. c5 Kf8 47. Ra7 g5 48. Rc7 g4 49. Ra7 g3 50. Ra1 Kf7 51. Rg1 Rg6 52. Kxe4 Ke6 53. Rg2 Rg7 54. Kf3 Kd5 55. Rd2+ Kxc5 56. Kg2 Kb6 57. Rb2+ Kc7 58. Ra2 Rg6 59. Ra3 Kb6 60. Ra1 c5 61. Kf3 g2 62. Rg1 Kb5 63. Ke3 c4 64. Kd2 Rg3 65. Kc2 Kc5 66. Kd2 Kd4 67. Ke2 c3 68. Rd1+ Kc4 69. Ra1 g1Q 0-1

[Event "Dvorkovich Memorial op"]
[Site "Taganrog"]
[Date "2015.01.22"]
[Round "5"]
[White "Bogdanov, Rodion"]
[Black "Chernyavsky, Alexander"]
[Result "0-1"]
[WhiteElo "2149"]
[BlackElo "2305"]
[PlyCount "72"]
[EventDate "2015.01.18"]
[EventType "swiss"]
[EventRounds "9"]
[EventCountry "RUS"]
[SourceTitle "CBM 164 Extra"]
[Source "ChessBase"]
[SourceDate "2015.03.02"]
[SourceVersion "1"]
[SourceVersionDate "2015.03.02"]
[SourceQuality "1"]

1. b3 c5 2. Bb2 Nc6 3. e4 e5 4. g3 Nf6 5. Bg2 d5 6. Nc3 d4 7. Nd5 Nxd5 8. exd5 Ne7 9. c4 Ng6 10. Ne2 Bd6 11. Qc2 0-0 12. 0-0 f5 13. Rae1 f4 14. f3 Qg5 15. Bc1 h5 16. d3 h4 17. g4 h3 18. Bxh3 e4 19. dxe4 Ne5 20. Qd2 Qh4 21. Kg2 Nxg4 22. Bxg4 Bxg4 23. Ng1 Bd7 24. Rf2 b5 25. Kf1 bxc4 26. bxc4 Rfe8 27. Ke2 Rab8 28. Kd3 Rb4 29. Rg2 Reb8 30. Qf2 Qd8 31. e5 Bf5+ 32. Re4 Bxe5 33. Ne2 Qa5 34. Nxf4 Rxc4 35. Qd2 Qa6 36. Ke2 Rc2+ 0-1

[Event "Dvorkovich Memorial op"]
[Site "Taganrog"]
[Date "2015.01.18"]
[Round "1"]
[White "Bogdanov, Rodion"]
[Black "Shimanov, Aleksandr"]
[Result "0-1"]
[WhiteElo "2149"]
[BlackElo "2591"]
[PlyCount "59"]
[EventDate "2015.01.18"]
[EventType "swiss"]
[EventRounds "9"]
[EventCountry "RUS"]
[SourceTitle "CBM 164 Extra"]
[Source "ChessBase"]
[SourceDate "2015.03.02"]
[SourceVersion "1"]
[SourceVersionDate "2015.03.02"]
[SourceQuality "1"]

1. b3 e5 2. Bb2 Nc6 3. e3 g6 4. f4 Bg7 5. Nf3 d6 6. fxe5 Nxe5 7. Nxe5 dxe5 8. Nc3 Be6 9. Qf3 c6 10. 0-0-0 Qd7 11. Be2 0-0-0 12. d4 Nh6 13. Ne4 Bg4 14. Qf2 Bxe2 15. Qxe2 Qe7 16. Rhe1 f5 17. Nc5 Rhe8 18. Qd2 Nf7 19. Kb1 Nd6 20. c3 Bh6 21. Qf2 b6 22. Nd3 Ne4 23. Qg1 exd4 24. exd4 Bd2 25. Rxe4 fxe4 26. Ne5 e3 27. Qf1 Kb7 28. a4 Qe6 29. Ka2 Rf8 30. Qd3 0-1

[Event "Dvorkovich Memorial op-B 9th"]
[Site "Taganrog"]
[Date "2014.08.07"]
[Round "6"]
[White "Berdashkevich, Svetlana"]
[Black "Bogdanov, Rodion"]
[Result "0-1"]
[WhiteElo "1874"]
[BlackElo "2055"]
[PlyCount "58"]
[EventDate "2014.08.02"]
[EventType "swiss"]
[EventRounds "9"]
[EventCountry "RUS"]
[SourceTitle "CBM 162 Extra"]
[Source "ChessBase"]
[SourceDate "2014.10.17"]
[SourceVersion "1"]
[SourceVersionDate "2014.10.17"]
[SourceQuality "1"]

1. e4 e5 2. f4 d5 3. exd5 c6 4. d4 exd4 5. Qxd4 cxd5 6. Nc3 Nf6 7. Bd2 Nc6 8. Bb5 a6 9. Bxc6+ bxc6 10. Nf3 c5 11. Qe5+ Be7 12. 0-0 0-0 13. Rae1 Bd6 14. Qg5 Bb7 15. Ne5 d4 16. Nb1 Qc7 17. h4 Ne4 18. Rxe4 Bxe4 19. Ng4 f6 20. Qh5 Qf7 21. Qxf7+ Rxf7 22. Na3 Bd5 23. h5 Re8 24. f5 Re2 25. Rf2 Rfe7 26. h6 Bg3 27. Rxe2 Rxe2 28. Nb1 Bxa2 29. Kf1 Re4 0-1

[Event "Rostov Region-ch op"]
[Site "Rostov on Don"]
[Date "2011.10.20"]
[Round "5.30"]
[White "Bogdanov, Rodion"]
[Black "Nikolaeva, Elena"]
[Result "1/2-1/2"]
[WhiteElo "2061"]
[BlackElo "1771"]
[PlyCount "48"]
[EventDate "2011.10.20"]
[EventType "swiss"]
[EventRounds "9"]
[EventCountry "RUS"]
[SourceTitle "EXT 2022"]
[Source "ChessBase"]
[SourceDate "2021.10.06"]
[SourceVersion "1"]
[SourceVersionDate "2021.10.06"]
[SourceQuality "1"]

1. d4 Nf6 2. Bg5 d6 3. Nc3 g6 4. Bxf6 exf6 5. Nd5 Bg7 6. e3 0-0 7. h4 h6 8. Bd3 c6 9. Nf4 Qa5+ 10. c3 Nd7 11. Qb3 d5 12. Rh3 Ne5 13. dxe5 Bxh3 14. Nfxh3 fxe5 15. e4 Rad8 16. 0-0-0 dxe4 17. Bxe4 Rxd1+ 18. Kxd1 Qd8+ 19. Kc1 Qxh4 20. Bxg6 Qg4 21. Bd3 Rd8 22. Bf1 h5 23. Ne2 Bh6+ 24. Kb1 Qe4+ 1/2-1/2

[Event "Rostov Region-ch op"]
[Site "Rostov on Don"]
[Date "2011.10.20"]
[Round "9.22"]
[White "Severin, Nikita"]
[Black "Bogdanov, Rodion"]
[Result "1-0"]
[WhiteElo "1933"]
[BlackElo "2061"]
[PlyCount "79"]
[EventDate "2011.10.20"]
[EventType "swiss"]
[EventRounds "9"]
[EventCountry "RUS"]
[SourceTitle "EXT 2022"]
[Source "ChessBase"]
[SourceDate "2021.10.06"]
[SourceVersion "1"]
[SourceVersionDate "2021.10.06"]
[SourceQuality "1"]

1. e4 e5 2. Nf3 d6 3. d4 Nd7 4. Bc4 Nb6 5. Bb3 exd4 6. Qxd4 c5 7. Qd3 c4 8. Bxc4 Nxc4 9. Qxc4 Nf6 10. 0-0 Be7 11. Nc3 0-0 12. Nd4 Re8 13. Qd3 Qa5 14. Bf4 Qh5 15. Rfe1 Ng4 16. Nd5 Bh4 17. Bg3 Ne5 18. Bxe5 dxe5 19. Nf3 Bd8 20. Red1 Bg4 21. Qb5 Bb6 22. Nxb6 axb6 23. Rd3 Re6 24. a3 Rg6 25. Nxe5 Be2 26. Qa4 Rf8 27. Nxg6 fxg6 28. Rh3 Qg5 29. Qb3+ Kh8 30. Qe3 Qxe3 31. Rxe3 Bc4 32. Rd1 g5 33. b3 Bb5 34. c4 Bc6 35. f3 h5 36. Red3 Kh7 37. Rd8 Rf4 38. b4 Ba4 39. R1d5 g4 40. Rxh5+ 1-0

[Event "Rostov on Don-ch op"]
[Site "Rostov on Don"]
[Date "2008.12.??"]
[Round "6"]
[White "Elizarov, Dmitry"]
[Black "Bogdanov, Rodion"]
[Result "1-0"]
[WhiteElo "2348"]
[BlackElo "2076"]
[PlyCount "57"]
[EventDate "2008.12.19"]
[EventType "swiss"]
[EventRounds "9"]
[EventCountry "RUS"]
[SourceTitle "EXT 2022"]
[Source "ChessBase"]
[SourceDate "2021.10.06"]
[SourceVersion "1"]
[SourceVersionDate "2021.10.06"]
[SourceQuality "1"]

1. d4 d5 2. c4 e6 3. Nc3 f5 4. Nf3 c6 5. Bf4 Nf6 6. g3 Be7 7. Bg2 0-0 8. 0-0 Bd7 9. Qb3 Qb6 10. c5 Qxb3 11. axb3 Be8 12. Bxb8 Rxb8 13. Rxa7 Nd7 14. Na4 Bh5 15. b4 e5 16. Nxe5 Nxe5 17. dxe5 Bxe2 18. Re1 Ba6 19. Nb6 Rfd8 20. Bf1 Bxf1 21. Kxf1 Kf7 22. e6+ Ke8 23. Nd7 Ra8 24. Rea1 Rxa7 25. Rxa7 b5 26. cxb6 Bxb4 27. b7 Bd6 28. Ra8 Ke7 29. b4 1-0